Wepa : English & Spanish / J de la Vega.
Available copies
- 1 of 1 copy available at LARL/NWRL Consortium.
- 1 of 1 copy available at Lake Agassiz Regional Library. (Show preferred library)
Current holds
0 current holds with 1 total copy.
Show Only Available Copies
| Location | Call Number / Copy Notes | Barcode | Shelving Location | Status | Due Date |
|---|---|---|---|---|---|
| Moorhead Public Library | E D (Text) | 33500013863089 | Main | Available | - |
Record details
- ISBN: 1948066548
- ISBN: 9781948066549
- Physical Description: 1 volume (unpaged) : color illustrations ; 29 cm
- Edition: Second edition.
- Publisher: [United States] : Lil' Libros, 2023.
- Copyright: ©2023
Content descriptions
| General Note: | Illustrations on endpapers. |
| Summary, etc.: | "Her mom thinks she is too messy; her teachers ... Read More |
| Language Note: | Parallel text in English and Spanish. |
Search for related items by subject
| Genre: | Bilingual books. Picture books. |
| LDR | 02769cam a2200577Ii 4500 | ||
|---|---|---|---|
| 001 | 418533 | ||
| 003 | LARL_NWRL_CONSORTIUM | ||
| 005 | 20230829212400.0 | ||
| 008 | 221022t20232023xxua j 000 1 eng d | ||
| 040 | . | ‡aYDX ‡beng ‡cYDX ‡dBDX ‡dOCLCQ ‡dOJ4 ‡dTOH ‡dLPU ‡dCRH ‡dJTE ‡dORX ‡dNBO ‡dY#4 ‡dOCLCF | |
| 020 | . | ‡a1948066548 ‡q(hardcover) | |
| 020 | . | ‡a9781948066549 ‡q(hardcover) | |
| 035 | . | ‡a(OCoLC)1348375093 | |
| 041 | 1 | . | ‡aeng ‡aspa |
| 082 | 0 | 4. | ‡a025.04 ‡qOCoLC |
| 090 | . | ‡aPZ7.1.L38238 ‡bWep 2023 | |
| 100 | 1 | . | ‡aDe laVega, J., ‡eauthor, ‡eillustrator. |
| 245 | 1 | 0. | ‡aWepa : ‡bEnglish & Spanish / ‡cJ de la Vega. |
| 250 | . | ‡aSecond edition. | |
| 264 | 1. | ‡a[United States] : ‡bLil' Libros, ‡c2023. | |
| 264 | 4. | ‡c©2023 | |
| 300 | . | ‡a1 volume (unpaged) : ‡bcolor illustrations ; ‡c29 cm | |
| 336 | . | ‡atext ‡btxt ‡2rdacontent | |
| 336 | . | ‡astill image ‡bsti ‡2rdacontent | |
| 337 | . | ‡aunmediated ‡bn ‡2rdamedia | |
| 338 | . | ‡avolume ‡bnc ‡2rdacarrier | |
| 500 | . | ‡aIllustrations on endpapers. | |
| 546 | . | ‡aParallel text in English and Spanish. | |
| 520 | . | ‡a"Her mom thinks she is too messy; her teachers think she is too loud. But Grandma says that's nonsense. Mia Emilia Lucia Renata simply has too much wepa! Mia tries to bottle up her wepa, but no matter how hard she tries, she can't contain it. With a bit of inspiration from Grandma and her friends, Mia discovers the perfect place to release her wepa. A place where her wepa is celebrated and isn't too much" -- ‡cPage [4] of cover. | |
| 650 | 0. | ‡aAttention-deficit hyperactivity disorder ‡vJuvenile fiction. | |
| 650 | 0. | ‡aAttention-deficit-disordered children ‡vJuvenile fiction. | |
| 650 | 0. | ‡aFamilies ‡vJuvenile fiction. ‡0(LARL_NWRL_CONSORTIUM)164956 | |
| 650 | 7. | ‡aTrastornos de atención deficitaria en niños ‡vNovela juvenil. ‡2qlsp | |
| 650 | 7. | ‡aLibros de láminas para niños. ‡2qlsp | |
| 650 | 7. | ‡aTrastornos de atención deficitaria con hiperactividad ‡vNovela juvenil. ‡2qlsp | |
| 650 | 7. | ‡aVida familiar ‡vNovela juvenil. ‡2qlsp | |
| 655 | 0. | ‡aBilingual books. | |
| 655 | 7. | ‡aPicture books. ‡2lcgft | |
| 905 | . | ‡uvanderl | |
| 901 | . | ‡a418533 ‡b ‡c418533 ‡tbiblio ‡soclc | |

Add to basket
Permalink
Disable Highlighting